Prediction of vapor-liquibria for binary mixtures using Ab initio calculations and activity coefficient models /

Spremljeno u:
Bibliografski detalji
Glavni autor: Pham Van Tat.
Daljnji autori: Deiters, U. K.
Format: Članak
Oznake: Dodaj oznaku
Bez oznaka, Budi prvi tko označuje ovaj zapis!
Thư viện lưu trữ: Thư viện Trường Đại học Đà Lạt
LEADER 00728nam a2200193 4500
001 DLU120137996
100 # # |a Pham Van Tat. 
245 # # |a Prediction of vapor-liquibria for binary mixtures using Ab initio calculations and activity coefficient models /  |c Pham Van Tat, U. K. Deiters. 
700 # # |a Deiters, U. K.  
773 # # |t Thông báo khoa học: Kỷ niệm năm mươi năm thành lập Trường Đại Học Đà Lạt  |g 2008, tr. 169-173 
920 # # |a Phòng Tạp chí -- Trung tâm Thông tin - Thư viện Trường Đại học Đà Lạt 
994 # # |a DLU 
900 # # |a True 
911 # # |a Nguyễn Thị Tưởng 
925 # # |a G 
926 # # |a A 
927 # # |a BB 
980 # # |a Thư viện Trường Đại học Đà Lạt